| 000 | 00481nam a22001937a 4500 | ||
|---|---|---|---|
| 003 | OSt | ||
| 008 | 250829b |||||||| |||| 00| 0 eng d | ||
| 020 | _a0070326851 | ||
| 082 |
_a330.015195 _bJ73E |
||
| 100 | _aJohnston, J. | ||
| 245 |
_aEconometric Methods / _cby J. Johnston |
||
| 250 | _a3rd ed. | ||
| 260 |
_a.- Auckland _b: McGraw-Hill _c, 1984 |
||
| 300 | _aviii,568p. | ||
| 650 | _aSocial Sciences | ||
| 650 | _aEconomics | ||
| 650 | _aEconometrics | ||
| 942 |
_2ddc _cDB |
||
| 999 |
_c48846 _d48846 |
||